000 00337 a2200097 4500
100 1 _aKugusev, A.M..
_eAutor
700 1 _aGolubeva, N.S..
_eAutor
245 0 _aOsnovy radioelektroniki :
_bLinejnye elektromagnitnye processy /
_cKugusev A.M., Golubeva N.S..
710 2 _aEnergija.
_eWydawca
_4pbl
260 _aMoskva :
_bEnergija,
_c1969.
300 _a880 s.;
_c25 cm.
999 _c9076
_d9076